00326nam a2200121Ia 4500008004100000020001600041040001200057082001300069100003600082245003000118260004800148300000800196200103s9999||||xx |||||||||||||| ||und|| a0074604406, aIMU-MPC aColumn-8 aTripathi, P.C. and Reddy, P. N. 0aPrinciples of Management  bTata McGraw-Hill publishing Cop. Ltd.c2003 a323